000 00579nam a2200181Ia 4500
008 220531s9999 xx 000 0 und d
041 _amar
100 _aवाघमारे रा.
_963646
245 _aसमकालीन कादंबरीकार भालचंद नेमाडे आणि रंगनाथ पठारे
250 _a1ST
260 _aShrirampur
_bShabdalay
_c2015
300 _a429
542 _d31-01-2015
551 _aMarathi
_bGrantabal-MRA
650 _aMarathi
_963647
906 _d2014-2015
_f6527
999 _c36137
_d36137